Sports Quiz

Random Sports or Baseball Quiz

MLB Top 10 (2000s) Quiz Stats

 Plays Quiz Updated Jul 10, 2018

Support Sporcle.
Go Orange.
Score 0/60 Timer 08:00
9 Plays Today
% Correct
Alex Rodriguez
94.4%
Alex Rodriguez
94.4%
Alex Rodriguez
94.4%
Francisco Rodriguez
92.1%
Derek Jeter
86.7%
Derek Jeter
86.7%
Barry Bonds
85.4%
Randy Johnson
84.8%
Randy Johnson
84.8%
Mariano Rivera
84.6%
Ichiro Suzuki
84.3%
Ichiro Suzuki
84.3%
Albert Pujols
84%
Albert Pujols
84%
Albert Pujols
84%
Manny Ramirez
76.8%
Trevor Hoffman
71.5%
Jim Thome
64.5%
Curt Schilling
63.2%
Pedro Martinez
62.5%
Roy Halladay
61.7%
Carlos Lee
59.1%
Greg Maddux
58.9%
Andruw Jones
55.7%
C.C. Sabathia
54.3%
C.C. Sabathia
54.3%
Johan Santana
50.2%
Andy Pettitte
45.6%
Andy Pettitte
45.6%
Vladimir Guerrero
43.4%
% Correct
Vladimir Guerrero
43.4%
Todd Helton
42.7%
Todd Helton
42.7%
Lance Berkman
40.7%
Lance Berkman
40.7%
Mike Mussina
40.3%
Mike Mussina
40.3%
Adam Dunn
39.4%
Billy Wagner
39.1%
Carlos Beltran
37.8%
Carlos Delgado
37.2%
Barry Zito
36.7%
Johnny Damon
36.3%
Johnny Damon
36.3%
Roy Oswalt
35.3%
Roy Oswalt
35.3%
Tim Hudson
33.2%
Miguel Tejada
30.6%
Miguel Tejada
30.6%
Brad Lidge
27.2%
Joe Nathan
26.4%
Jamie Moyer
26.2%
Francisco Cordero
18.7%
Mark Buehrle
18.7%
Bobby Abreu
17.8%
Bobby Abreu
17.8%
Jason Isringhausen
17.5%
Javier Vazquez
15.9%
Troy Percival
15.1%
Armando Benitez
10.8%

You're not logged in!

Compare scores with friends on all Sporcle quizzes.
OR
Log In

From the Vault

Literary Characters Sorting Blitz

by jyrops

It's like speed-reading for lit freaks!
Remove Ads.
Support Sporcle.
Get the best of Sporcle when you Go Orange. This ad-free experience offers more features, more stats, and more fun while also helping to support Sporcle. Thank you for becoming a member.

Show Comments

Extras

Top Quizzes Today


Score Distribution

Your Account Isn't Verified!

In order to create a playlist on Sporcle, you need to verify the email address you used during registration. Go to your Sporcle Settings to finish the process.

Report this User

Report this user for behavior that violates our Community Guidelines.

Details: